01908nam a22002417a 450000500170000000800410001702000180005804000070007604100120008308200220009510000250011724500960014226000640023830000220030236500530032452010030037765000240138065000190140465000270142394200120145099900190146295201850148120260128105730.0240917b ||||| |||| 00| 0 eng d a9789361133220 cAL aEnglish 223a332.024bSCUL aVince Scully9252920 aLive the life you want with the money you haveb : The money handbook for a new generation  aNew DelhibMacmillan Publishing India Private Limitedc2024 a215pbPBc21x14cm a3641b₹319.00c₹d₹399.00e20%f05-09-2024 a‘Cut out your morning latte and you can be rich!’ It’s a popular view – but it’s hopelessly inaccurate. The truth is, it’s not your morning coffee that’s keeping you out of the housing market or preventing you from building long-term financial security. As a nation, we’ve never earned as much, owned as much, or been so highly educated, and yet millennials struggle with money more than any previous generation. Why? Because the old rules just don’t work anymore. In Live the Life You Want With the Money You Have, Vince Scully, the founder of Australia’s first online financial planner 'Life Sherpa', shows you 8 simple steps to financial freedom that anyone can start right away, no matter how much money they have or how much debt they’re in. Learn how to review your spending habits, build an emergency stash, pay off your debts, choose the right insurance, understand super, save up for your first home and make investments – all while feeling free to enjoy your life. aNon-fiction9179198 2Money Handbook aNew Geneartion9179199 2ddccBK c231813d231813 00102ddc40708MANaALbALd2024-09-13eBiblios Book Point Surathkal Mangalore 575014g319.00l4m1o332.024 SCULp077327r2025-09-12 12:23:57s2025-09-01v399.00w2024-09-05yBK